Tierra de campeones / (Registro nro. 4240)
[ vista simple ]
| 000 -LEADER | |
|---|---|
| fixed length control field | 00946nam a2200217Ia 4500 |
| 003 - CONTROL NUMBER IDENTIFIER | |
| control field | OSt |
| 005 - DATE AND TIME OF LATEST TRANSACTION | |
| control field | 20200930175011.0 |
| 008 - FIXED-LENGTH DATA ELEMENTS--GENERAL INFORMATION | |
| fixed length control field | 191128s2011 ck a gr 000 0 spa d |
| 040 ## - CATALOGING SOURCE | |
| Original cataloging agency | CO-JMCR |
| Transcribing agency | CO-JMCR |
| 041 0# - LANGUAGE CODE | |
| Language code of text/sound track or separate title | spa |
| 082 04 - DEWEY DECIMAL CLASSIFICATION NUMBER | |
| Classification number | 927 / |
| Item number | B475t |
| Edition number | 23 |
| 100 1# - MAIN ENTRY--PERSONAL NAME | |
| Personal name | Benítez Tuirán, Rahomir, |
| Relator term | autor |
| 9 (RLIN) | 11061 |
| 245 10 - TITLE STATEMENT | |
| Title | Tierra de campeones / |
| Statement of responsibility, etc. | Rahomir Benítez Tuirán |
| 250 ## - EDITION STATEMENT | |
| Edition statement | Primera edición |
| 260 ## - PUBLICATION, DISTRIBUTION, ETC. | |
| Place of publication, distribution, etc. | Córdoba : |
| Name of publisher, distributor, etc. | Gobernación de Córdoba, |
| Date of publication, distribution, etc. | 2011 |
| 300 ## - PHYSICAL DESCRIPTION | |
| Extent | 119 páginas : |
| Other physical details | ilustraciones ; |
| Dimensions | 32 cm. |
| 505 0# - FORMATTED CONTENTS NOTE | |
| Formatted contents note | Miguel "Happy" Lora. Un gallo lleno de gloria -- Stella Urango. Golpes de campeona -- Nicolas Tordecilla. Un Cordobés con mucho tino -- Luis Escobar Pocaterra. Con la mística de beisbolista -- Oscar Negrete. Los puños medallistas de un tierraltenese. |
| 650 14 - SUBJECT ADDED ENTRY--TOPICAL TERM | |
| Topical term or geographic name entry element | Deportistas colombianos |
| Form subdivision | biografías |
| 9 (RLIN) | 11062 |
| 650 14 - SUBJECT ADDED ENTRY--TOPICAL TERM | |
| Topical term or geographic name entry element | Deportes profesionales |
| General subdivision | historia |
| Geographic subdivision | Córdoba (Colombia) |
| 9 (RLIN) | 11063 |
| 942 ## - ADDED ENTRY ELEMENTS (KOHA) | |
| Source of classification or shelving scheme | Dewey Decimal Classification |
| Koha item type | Books |
| Withdrawn status | Lost status | Source of classification or shelving scheme | Damaged status | Not for loan | Collection code | Home library | Current library | Date acquired | Source of acquisition | Total Checkouts | Total Renewals | Full call number | Barcode | Date last seen | Date last checked out | Copy number | Koha item type |
|---|---|---|---|---|---|---|---|---|---|---|---|---|---|---|---|---|---|
| Dewey Decimal Classification | Fiction | Biblioteca Pública José María del Castillo y Rada | Biblioteca Pública José María del Castillo y Rada | 12/01/2018 | Donación | 1 | 1 | 927 / B475t | 201809068 | 07/05/2022 | 06/10/2022 | Ej.1 | Books |